Gaming Quiz

Random Gaming or Nintendo Quiz

Super Smash Bros Characters Quiz Stats

 Plays Quiz not verified by Sporcle

Also try: Risk Territories
Challenge
Share
Tweet
Embed
Score 0/45 Timer 09:00
0 Plays Today
Series Character % Correct
Super Mario Bros.Mario
99.3%
Super Mario Bros.Luigi
98.6%
PokemonPikachu
97.2%
Yoshi's IslandYoshi
97.2%
Super Mario Bros.Princess Peach
97.1%
Legend Of ZeldaZelda
96.7%
Donkey KongDonkey Kong
96.7%
WarioWareWario
96.4%
Sonic The HedgehogSonic The Hedgehog
96.4%
KirbyKirby
96.3%
Legend Of ZeldaLink
95.9%
Star FoxFox McCloud
95.9%
Donkey KongDiddy Kong
94.8%
Super Mario Bros.Bowser
94.6%
MetroidSamus
94.2%
Ice ClimbersIce Climbers
93.8%
Game & WatchMr. Game & Watch
92.8%
EarthboundNess
92.3%
Star FoxFalco Lombardi
91.9%
PokemonJigglypuff
91.3%
Metal Gear SolidSolid Snake
90.9%
F-ZeroCaptain Falcon
90.4%
Fire EmblemMarth
89.4%
Series Character % Correct
Legend Of ZeldaGanondorf
89.4%
Legend Of ZeldaSheik
87.1%
Star FoxWolf O'Donell
86.6%
PokemonMewtwo
86.5%
KirbyKing Dedede
86.2%
KirbyMeta Knight
86%
Fire EmblemIke
84.8%
PokemonCharizard
84.7%
Legend Of ZeldaToon Link
84.3%
EarthboundLucas
84.3%
Kid IcarusPit
84.2%
Fire EmblemRoy
83.9%
PikminCaptain Olimar
83.3%
MetroidZero Suit Samus
82.6%
PokemonPichu
82.5%
PokemonLucario
82%
PokemonSquirtle
79.8%
PokemonPokemon Trainer
78.2%
Legend Of ZeldaYoung Link
78.1%
Super Mario Bros.Dr. Mario
77.7%
PokemonIvysaur
76.3%
NESR.O.B.
73.8%

You're not logged in!

Compare scores with friends on all Sporcle quizzes.
Join for Free
OR
Log In

You Might Also Like...

Show Comments

Extras

Created Aug 4, 2010ReportNominate
Tags:Nintendo Quiz

Top Quizzes Today


Score Distribution

Your Account Isn't Verified!

In order to create a playlist on Sporcle, you need to verify the email address you used during registration. Go to your Sporcle Settings to finish the process.

Report this User

Report this user for behavior that violates our Community Guidelines.

Details: